000
00315nam a2200133Ia 4500
008
230917s9999||||xx |||||||||||||| ||und||
040
_e
146143
_a
MAIN
041
_a
English
082
_a
158.7 S12I
100
_a
Saal, Frank E.
245
0
_a
Industrial organizational Psychology
300
_a
578p p.
942
_c
BK
999
_c
61663
_d
61663